<?xml version="1.0" encoding="UTF-8"?>
<record
    xmlns:xsi="http://www.w3.org/2001/XMLSchema-instance"
    xsi:schemaLocation="http://www.loc.gov/MARC21/slim http://www.loc.gov/standards/marcxml/schema/MARC21slim.xsd"
    xmlns="http://www.loc.gov/MARC21/slim">

  <leader>00514nam a22001577a 4500</leader>
  <controlfield tag="005">20260310153229.0</controlfield>
  <controlfield tag="008">260310b        |||||||| |||| 00| 0 eng d</controlfield>
  <datafield tag="041" ind1=" " ind2=" ">
    <subfield code="a">Marathi</subfield>
  </datafield>
  <datafield tag="082" ind1=" " ind2=" ">
    <subfield code="2">2nd</subfield>
    <subfield code="a">X 891 KSH B12312</subfield>
  </datafield>
  <datafield tag="100" ind1=" " ind2=" ">
    <subfield code="a">&#x915;&#x94D;&#x937;&#x940;&#x930;&#x938;&#x93E;&#x917;&#x930;, &#x915;.&#x915;&#x943;.</subfield>
    <subfield code="9">216947</subfield>
  </datafield>
  <datafield tag="245" ind1=" " ind2=" ">
    <subfield code="a">&#x91C;&#x93E;&#x923;&#x924;&#x93E; &#x936;&#x947;&#x924;&#x915;&#x930;&#x940; &#x936;&#x93E;&#x938;&#x94D;&#x924;&#x94D;&#x930;&#x91C;&#x94D;&#x91E; &#x921;&#x949; &#x938;&#x94D;&#x935;&#x93E;&#x92E;&#x93F;&#x928;&#x93E;&#x925;&#x928;</subfield>
  </datafield>
  <datafield tag="260" ind1=" " ind2=" ">
    <subfield code="a">Pune</subfield>
    <subfield code="b">Bharatiya Vichar Sadhana</subfield>
    <subfield code="c">2011</subfield>
  </datafield>
  <datafield tag="300" ind1=" " ind2=" ">
    <subfield code="a">79p</subfield>
    <subfield code="b">Pb</subfield>
  </datafield>
  <datafield tag="365" ind1=" " ind2=" ">
    <subfield code="a">Rupaye</subfield>
    <subfield code="b">80</subfield>
    <subfield code="c">INR</subfield>
  </datafield>
  <datafield tag="942" ind1=" " ind2=" ">
    <subfield code="c">BK</subfield>
  </datafield>
  <datafield tag="999" ind1=" " ind2=" ">
    <subfield code="c">370671</subfield>
    <subfield code="d">370671</subfield>
  </datafield>
  <datafield tag="952" ind1=" " ind2=" ">
    <subfield code="0">0</subfield>
    <subfield code="1">0</subfield>
    <subfield code="2">ddc</subfield>
    <subfield code="4">0</subfield>
    <subfield code="7">0</subfield>
    <subfield code="a">BTIN</subfield>
    <subfield code="b">BTIN</subfield>
    <subfield code="d">2026-02-16</subfield>
    <subfield code="e">Bhartiya Vichar Sadhana Foundation</subfield>
    <subfield code="g">56.00</subfield>
    <subfield code="i">HO/IN/606</subfield>
    <subfield code="l">0</subfield>
    <subfield code="o">X 891 KSH B12312</subfield>
    <subfield code="p">BTIN-BK-12312</subfield>
    <subfield code="r">2026-03-10 15:33:30</subfield>
    <subfield code="t">24</subfield>
    <subfield code="v">80.00</subfield>
    <subfield code="w">2026-01-19</subfield>
    <subfield code="y">BK</subfield>
    <subfield code="z">BTIN-BK-12312</subfield>
  </datafield>
</record>
